| 000 | 00561cam a22002172a 4500 | ||
|---|---|---|---|
| 001 | 018585 | ||
| 003 | AR-FADEU | ||
| 008 | 311216n2001####xxu####################dd | ||
| 020 | _a0-521-66937-5 | ||
| 092 |
_a408.9 _bN551f _eMAESTRIA |
||
| 100 | _aNewman, Paul, ed. | ||
| 245 | _aLinguistic fieldwork | ||
| 260 | _aNew York | ||
| 260 | _bCambridge University Press | ||
| 260 | _c2001 | ||
| 300 | _a288 p. : il | ||
| 700 | _aMartha, Ratliff, ed. | ||
| 650 | _a/LINGUISTICA/ETNOLINGUISTICA/MAESTRIA//REVISADO | ||
| 546 | _aInglés | ||
| 942 | _cMAESTRIA | ||
| 999 |
_c24317 _d24317 |
||